[Event "11th LCC Super Blitz 2019"]
[Site "London"]
[Date "2019.12.08"]
[Round "11.2"]
[White "Petrov, Vladimir Sergeev"]
[Black "Pert, Nicholas"]
[Result "1/2-1/2"]
[WhiteElo "2355"]
[BlackElo "2560"]
[Annotator "ChessBase"]
[PlyCount "125"]
[EventDate "2019.12.08"]
[EventType "swiss"]
[EventCountry "ENG"]
[SourceTitle "playchess.com"]
[Source "ChessBase"]
[SourceQuality "1"]
[TimeControl "180+2"]

1. e4 {[%emt 0:00:38]} c5 {[%emt 0:00:01]} 2. Nf3 {[%emt 0:00:00]} Nc6 {[%emt 0:00:00]} 3. d4 {[%emt 0:00:00]} cxd4 4. Nxd4 {[%emt 0:00:00]} e5 {[%emt 0:00:00]} 5. Nb5 {[%emt 0:00:00]} d6 {[%emt 0:00:00]} 6. N1c3 {[%emt 0:00:00]} a6 {[%emt 0:00:01]} 7. Na3 {[%emt 0:00:00]} Be7 {[%emt 0:00:01]} 8. Nd5 {[%emt 0:00:00]} Nf6 {[%emt 0:00:02]} 9. Be3 {[%emt 0:00:00]} Nxd5 {[%emt 0:00:02]} 10. exd5 {[%emt 0:00:00]} Nd4 {[%emt 0:00:03]} 11. Bxd4 exd4 {[%emt 0:00:01]} 12. Qxd4 {[%emt 0:00:23]} O-O {[%emt 0:00:03]} 13. Bd3 {[%emt 0:00:23]} Bf6 {[%emt 0:00:06]} 14. Qb4 {[%emt 0:00:03]} Re8+ {[%emt 0:00:03]} 15. Kf1 {[%emt 0:00:05]} b5 {[%emt 0:00:33]} 16. c3 {[%emt 0:00:03]} Bb7 {[%emt 0:00:09]} 17. Rd1 {[%emt 0:00:11]} Qe7 {[%emt 0:00:14]} 18. Qf4 {[%emt 0:00:10]} Bxd5 {[%emt 0:00:30]} 19. Qf5 {[%emt 0:00:00]} Be4 {[%emt 0:00:01]} 20. Bxe4 {[%emt 0:00:00]} Qxe4 {[%emt 0:00:00]} 21. Qxe4 {[%emt 0:00:00]} Rxe4 {[%emt 0:00:01]} 22. Rxd6 {[%emt 0:00:02]} Rae8 {[%emt 0:00:03]} 23. g3 {[%emt 0:00:08]} b4 {[%emt 0:00:09]} 24. cxb4 {[%emt 0:00:17]} Rxb4 {[%emt 0:00:10]} 25. Rxa6 {[%emt 0:00:07]} Rxb2 {[%emt 0:00:02]} 26. Nc4 {[%emt 0:00:02]} Rb4 {[%emt 0:00:06]} 27. Ne3 {[%emt 0:00:05]} Bd4 {[%emt 0:00:04]} 28. Kg2 {[%emt 0:00:03]} Bxe3 29. fxe3 {[%emt 0:00:02]} Rb2+ {[%emt 0:00:10]} 30. Kf3 {[%emt 0:00:02]} h5 {[%emt 0:00:01]} 31. h4 {[%emt 0:00:07]} Rc2 {[%emt 0:00:05]} 32. Rd1 {[%emt 0:00:05]} Rc3 {[%emt 0:00:01]} 33. Re1 {[%emt 0:00:05]} g6 {[%emt 0:00:04]} 34. a4 {[%emt 0:00:03]} Ra3 {[%emt 0:00:02]} 35. Kf4 {[%emt 0:00:05]} Rc8 {[%emt 0:00:02]} 36. a5 {[%emt 0:00:11]} Rc5 {[%emt 0:00:06]} 37. Ra8+ {[%emt 0:00:05]} Kg7 {[%emt 0:00:01]} 38. a6 {[%emt 0:00:01]} Rf5+ {[%emt 0:00:11]} 39. Ke4 {[%emt 0:00:00]} Ra4+ {[%emt 0:00:02]} 40. Kd3 {[%emt 0:00:01]} Rd5+ {[%emt 0:00:01]} 41. Ke2 {[%emt 0:00:13]} Ra2+ {[%emt 0:00:06]} 42. Kf3 {[%emt 0:00:03]} Rf5+ {[%emt 0:00:01]} 43. Ke4 {[%emt 0:00:02]} Ra4+ {[%emt 0:00:01]} 44. Kd3 {[%emt 0:00:01]} Rfa5 {[%emt 0:00:11]} 45. Rc1 {[%emt 0:00:11]} Rxa6 {[%emt 0:00:01]} 46. Rxa6 Rxa6 {[%emt 0:00:01]} 47. Ke4 {[%emt 0:00:02]} Rf6 {[%emt 0:00:01]} 48. Rc7 {[%emt 0:00:04]} Rf2 {[%emt 0:00:01]} 49. Rc6 {[%emt 0:00:04]} Kf8 {[%emt 0:00:01]} 50. Rc7 {[%emt 0:00:02]} Kg7 {[%emt 0:00:02]} 51. Rc6 {[%emt 0:00:00]} Rf6 {[%emt 0:00:03]} 52. Rxf6 {[%emt 0:00:05]} Kxf6 {[%emt 0:00:01]} 53. Kf4 {[%emt 0:00:01]} Ke6 {[%emt 0:00:49]} 54. Ke4 {[%emt 0:00:02]} f6 {[%emt 0:00:04]} 55. Kf4 {[%emt 0:00:06]} Kd5 {[%emt 0:00:03]} 56. Kf3 {[%emt 0:00:08]} Ke5 {[%emt 0:00:00]} 57. e4 {[%emt 0:00:02]} g5 {[%emt 0:00:07]} 58. hxg5 {[%emt 0:00:07]} fxg5 {[%emt 0:00:01]} 59. Ke3 {[%emt 0:00:02]} h4 {[%emt 0:00:08]} 60. gxh4 {[%emt 0:00:02]} gxh4 {[%emt 0:00:00]} 61. Kf3 {[%emt 0:00:01]} h3 {[%emt 0:00:01]} 62. Kg3 {[%emt 0:00:01]} Kxe4 63. Kxh3 {[%emt 0:00:01]} 1/2-1/2

[Event "11th LCC Super Blitz 2019"]
[Site "London"]
[Date "2019.12.08"]
[Round "11.2"]
[White "Wallace, John Paul"]
[Black "Maze, Sebastien"]
[Result "1-0"]
[WhiteElo "2344"]
[BlackElo "2549"]
[Annotator "ChessBase"]
[PlyCount "97"]
[EventDate "2019.12.08"]
[EventType "swiss"]
[EventCountry "ENG"]
[SourceTitle "playchess.com"]
[Source "ChessBase"]
[SourceQuality "1"]
[TimeControl "180+2"]

1. d4 {[%emt 0:06:40]} Nf6 2. c4 {[%emt 0:00:00]} g6 {[%emt 0:00:00]} 3. Nc3 {[%emt 0:00:02]} Bg7 4. e4 {[%emt 0:00:00]} d6 5. f3 c6 {[%emt 0:00:04]} 6. Bd3 {[%emt 0:00:00]} a6 {[%emt 0:00:02]} 7. a4 {[%emt 0:00:03]} a5 8. Nge2 Na6 {[%emt 0:00:02]} 9. O-O {[%emt 0:00:02]} e5 {[%emt 0:00:01]} 10. Be3 {[%emt 0:00:00]} O-O {[%emt 0:00:02]} 11. Qd2 {[%emt 0:00:00]} Nd7 {[%emt 0:00:10]} 12. Kh1 {[%emt 0:00:08]} exd4 {[%emt 0:00:03]} 13. Nxd4 {[%emt 0:00:00]} Ndc5 {[%emt 0:00:02]} 14. Bc2 {[%emt 0:00:00]} Nb4 {[%emt 0:00:01]} 15. Rfd1 {[%emt 0:00:00]} Qe7 {[%emt 0:00:14]} 16. Rac1 {[%emt 0:00:00]} Rd8 {[%emt 0:00:48]} 17. Bg5 {[%emt 0:00:00]} Bf6 {[%emt 0:00:06]} 18. Bxf6 {[%emt 0:00:02]} Qxf6 {[%emt 0:00:02]} 19. f4 {[%emt 0:00:17]} Ne6 {[%emt 0:00:09]} 20. Nde2 {[%emt 0:00:00]} b6 {[%emt 0:00:27]} 21. Rf1 {[%emt 0:00:00]} Nc5 {[%emt 0:00:07]} 22. Rce1 {[%emt 0:00:11]} Ba6 {[%emt 0:00:12]} 23. b3 {[%emt 0:00:02]} d5 {[%emt 0:00:03]} 24. cxd5 {[%emt 0:00:00]} cxd5 25. e5 {[%emt 0:00:02]} Qe7 {[%emt 0:00:08]} 26. Nb5 {[%emt 0:00:00]} Bxb5 {[%emt 0:00:05]} 27. axb5 {[%emt 0:00:01]} d4 {[%emt 0:00:01]} 28. Ng3 {[%emt 0:00:00]} Nxc2 {[%emt 0:00:15]} 29. Qxc2 d3 {[%emt 0:00:01]} 30. Qd1 {[%emt 0:00:08]} Rd4 {[%emt 0:00:00]} 31. f5 {[%emt 0:00:00]} d2 {[%emt 0:00:03]} 32. Re3 {[%emt 0:00:00]} Rad8 {[%emt 0:00:01]} 33. e6 {[%emt 0:00:00]} Qg5 {[%emt 0:00:06]} 34. exf7+ {[%emt 0:00:00]} Kf8 {[%emt 0:00:04]} 35. fxg6 {[%emt 0:00:00]} hxg6 {[%emt 0:00:14]} 36. Qe2 {[%emt 0:00:00]} Qxe3 {[%emt 0:00:24]} 37. Qxe3 {[%emt 0:00:01]} d1=Q {[%emt 0:00:01]} 38. Qh6+ {[%emt 0:00:00]} Ke7 {[%emt 0:00:00]} 39. f8=Q+ {[%emt 0:00:00]} Rxf8 {[%emt 0:00:01]} 40. Qxf8+ {[%emt 0:00:00]} Ke6 {[%emt 0:00:04]} 41. Qf7+ {[%emt 0:00:00]} Kd6 {[%emt 0:00:01]} 42. Rxd1 {[%emt 0:00:00]} Rxd1+ {[%emt 0:00:01]} 43. Nf1 Rd3 {[%emt 0:00:05]} 44. Qxg6+ {[%emt 0:00:00]} Kd5 {[%emt 0:00:00]} 45. Qc6+ {[%emt 0:00:00]} Kd4 {[%emt 0:00:01]} 46. Qxb6 {[%emt 0:00:00]} Rxb3 {[%emt 0:00:01]} 47. Qd8+ {[%emt 0:00:00]} Kc4 {[%emt 0:00:01]} 48. b6 {[%emt 0:00:00]} a4 {[%emt 0:00:01]} 49. Nd2+ {[%emt 0:00:00]} 1-0

[Event "11th LCC Super Blitz 2019"]
[Site "London"]
[Date "2019.12.08"]
[Round "11.3"]
[White "Aravindh, Chithambaram Vr"]
[Black "Zulfic, Fedja"]
[Result "1-0"]
[WhiteElo "2560"]
[BlackElo "2032"]
[Annotator "ChessBase"]
[PlyCount "65"]
[EventDate "2019.12.08"]
[EventType "swiss"]
[EventCountry "ENG"]
[SourceTitle "playchess.com"]
[Source "ChessBase"]
[SourceQuality "1"]
[TimeControl "180+2"]

1. Nf3 {[%emt 0:00:00]} Nf6 {[%emt 0:00:00]} 2. d4 {[%emt 0:00:01]} g6 {[%emt 0:00:01]} 3. c4 {[%emt 0:00:01]} Bg7 {[%emt 0:00:01]} 4. Nc3 {[%emt 0:00:02]} d5 {[%emt 0:00:02]} 5. cxd5 {[%emt 0:00:01]} Nxd5 {[%emt 0:00:01]} 6. e4 {[%emt 0:00:01]} Nxc3 {[%emt 0:00:01]} 7. bxc3 {[%emt 0:00:01]} c5 {[%emt 0:00:01]} 8. Be3 {[%emt 0:00:05]} O-O {[%emt 0:00:04]} 9. Be2 {[%emt 0:00:05]} Nc6 {[%emt 0:00:13]} 10. O-O {[%emt 0:00:02]} cxd4 {[%emt 0:00:06]} 11. cxd4 {[%emt 0:00:01]} Bg4 {[%emt 0:00:01]} 12. d5 {[%emt 0:00:02]} Bxf3 {[%emt 0:00:36]} 13. Bxf3 {[%emt 0:00:02]} Ne5 {[%emt 0:00:01]} 14. Be2 {[%emt 0:00:06]} Rc8 {[%emt 0:00:02]} 15. Qa4 {[%emt 0:00:16]} a6 {[%emt 0:00:06]} 16. Rab1 {[%emt 0:00:01]} Qd6 {[%emt 0:00:10]} 17. Rxb7 {[%emt 0:00:08]} f5 {[%emt 0:00:47]} 18. Rb6 {[%emt 0:00:20]} Qd7 {[%emt 0:00:04]} 19. Qxd7 {[%emt 0:00:06]} Nxd7 {[%emt 0:00:01]} 20. Rxa6 {[%emt 0:00:04]} fxe4 {[%emt 0:00:02]} 21. Bg4 {[%emt 0:00:03]} Rcd8 {[%emt 0:00:05]} 22. Ra7 {[%emt 0:00:06]} Nf6 {[%emt 0:00:02]} 23. Be6+ {[%emt 0:00:01]} Kh8 24. Rd1 {[%emt 0:00:03]} Ra8 {[%emt 0:00:19]} 25. Rb1 {[%emt 0:00:14]} Rxa7 {[%emt 0:00:36]} 26. Bxa7 {[%emt 0:00:02]} Ne8 {[%emt 0:00:09]} 27. Rb8 {[%emt 0:00:05]} Nd6 {[%emt 0:00:03]} 28. Rxf8+ {[%emt 0:00:02]} Bxf8 {[%emt 0:00:01]} 29. a4 {[%emt 0:00:04]} Nc4 {[%emt 0:00:12]} 30. Bc5 {[%emt 0:00:17]} Kg7 {[%emt 0:00:02]} 31. Bb4 {[%emt 0:00:06]} Kf6 {[%emt 0:00:04]} 32. Bc3+ {[%emt 0:00:02]} Kg5 {[%emt 0:00:03]} 33. a5 {[%emt 0:00:01]} 1-0

[Event "11th LCC Super Blitz 2019"]
[Site "London"]
[Date "2019.12.08"]
[Round "11.3"]
[White "Bukojemski, Adam"]
[Black "Nettleton, Charlie B"]
[Result "1/2-1/2"]
[WhiteElo "2219"]
[BlackElo "2021"]
[Annotator "NA"]
[PlyCount "88"]
[EventDate "2019.12.08"]
[EventType "swiss"]
[EventCountry "ENG"]
[SourceTitle "playchess.com"]
[Source "ChessBase"]
[SourceQuality "1"]
[TimeControl "180+2"]

1. Nf3 {[%emt 0:03:55]} Nf6 {[%emt 0:00:06]} 2. c4 {[%emt 0:00:01]} g6 {[%emt 0:00:02]} 3. Nc3 Bg7 {[%emt 0:00:01]} 4. d3 O-O {[%emt 0:00:03]} 5. g3 {[%emt 0:00:01]} c6 {[%emt 0:00:05]} 6. Bg2 {[%emt 0:00:01]} d5 {[%emt 0:00:01]} 7. O-O {[%emt 0:00:09]} Re8 {[%emt 0:00:13]} 8. Qc2 {[%emt 0:00:12]} d4 {[%emt 0:00:09]} 9. Nd1 {[%emt 0:00:02]} e5 {[%emt 0:00:01]} 10. Nd2 {[%emt 0:00:06]} Be6 {[%emt 0:00:08]} 11. b4 {[%emt 0:00:02]} Qd7 {[%emt 0:00:01]} 12. Nb3 {[%emt 0:00:06]} Bf8 {[%emt 0:00:10]} 13. Bd2 {[%emt 0:00:07]} Bh3 {[%emt 0:00:02]} 14. e4 {[%emt 0:00:03]} dxe3 {[%emt 0:00:18]} 15. Nxe3 {[%emt 0:00:01]} Bxg2 {[%emt 0:00:05]} 16. Kxg2 {[%emt 0:00:02]} Na6 {[%emt 0:00:07]} 17. a3 {[%emt 0:00:02]} Nc7 {[%emt 0:00:01]} 18. Rad1 Ne6 {[%emt 0:00:02]} 19. Qb1 {[%emt 0:00:20]} Rad8 {[%emt 0:00:02]} 20. Bc3 {[%emt 0:00:02]} Nd4 {[%emt 0:00:04]} 21. Nc2 {[%emt 0:00:06]} Ne2 {[%emt 0:00:19]} 22. Ba1 {[%emt 0:00:03]} Qg4 {[%emt 0:00:19]} 23. f3 {[%emt 0:00:14]} Qg5 {[%emt 0:00:14]} 24. Rf2 {[%emt 0:00:14]} Nf4+ {[%emt 0:00:02]} 25. Kh1 {[%emt 0:00:02]} Nxd3 {[%emt 0:00:04]} 26. Rfd2 {[%emt 0:00:03]} e4 {[%emt 0:00:12]} 27. f4 Qh5 {[%emt 0:00:04]} 28. Bxf6 {[%emt 0:00:06]} Nf2+ {[%emt 0:00:06]} 29. Kg2 {[%emt 0:00:05]} Nxd1 {[%emt 0:00:16]} 30. Bxd8 {[%emt 0:00:12]} Qf3+ {[%emt 0:00:02]} 31. Kg1 {[%emt 0:00:13]} e3 {[%emt 0:00:07]} 32. Qxd1 {[%emt 0:00:12]} e2 {[%emt 0:00:14]} 33. Qe1 {[%emt 0:00:14]} Qxb3 {[%emt 0:00:04]} 34. Bf6 {[%emt 0:00:10]} Qf3 {[%emt 0:00:08]} 35. Be5 {[%emt 0:00:08]} f6 {[%emt 0:00:04]} 36. Qxe2 {[%emt 0:00:02]} Qxe2 {[%emt 0:00:02]} 37. Rxe2 fxe5 {[%emt 0:00:02]} 38. fxe5 Kf7 {[%emt 0:00:02]} 39. Rf2+ {[%emt 0:00:13]} Ke7 {[%emt 0:00:03]} 40. Nd4 {[%emt 0:00:05]} Rd8 {[%emt 0:00:02]} 41. Nf3 {[%emt 0:00:06]} h6 {[%emt 0:00:04]} 42. Rd2 {[%emt 0:00:02]} Rxd2 {[%emt 0:00:04]} 43. Nxd2 Bg7 {[%emt 0:00:01]} 44. Nf3 Ke6 1/2-1/2

[Event "11th LCC Super Blitz 2019"]
[Site "London"]
[Date "2019.12.08"]
[Round "11.3"]
[White "Rishi, Thariani"]
[Black "Willow, Jonah B"]
[Result "0-1"]
[WhiteElo "2008"]
[BlackElo "2355"]
[Annotator "NA"]
[PlyCount "140"]
[EventDate "2019.12.08"]
[EventType "swiss"]
[EventCountry "ENG"]
[SourceTitle "playchess.com"]
[Source "ChessBase"]
[SourceQuality "1"]
[TimeControl "180+2"]

1. e4 {[%emt 0:00:11]} c5 {[%emt 0:00:00]} 2. c3 {[%emt 0:00:03]} Nf6 {[%emt 0:00:00]} 3. e5 {[%emt 0:00:00]} Nd5 4. d4 {[%emt 0:00:02]} cxd4 {[%emt 0:00:01]} 5. Nf3 {[%emt 0:00:01]} Nc6 {[%emt 0:00:01]} 6. cxd4 {[%emt 0:00:00]} g6 {[%emt 0:00:00]} 7. Bc4 {[%emt 0:00:04]} Nb6 {[%emt 0:00:01]} 8. Bb5 {[%emt 0:00:03]} Bg7 {[%emt 0:00:03]} 9. O-O {[%emt 0:00:03]} O-O {[%emt 0:00:01]} 10. Nc3 {[%emt 0:00:08]} d6 {[%emt 0:00:01]} 11. Re1 {[%emt 0:00:13]} Bg4 {[%emt 0:00:04]} 12. Bxc6 {[%emt 0:00:06]} bxc6 {[%emt 0:00:01]} 13. h3 {[%emt 0:00:11]} Bf5 {[%emt 0:00:23]} 14. Qe2 {[%emt 0:00:08]} Qd7 {[%emt 0:00:21]} 15. Bg5 {[%emt 0:00:02]} Rfe8 {[%emt 0:00:06]} 16. Rad1 {[%emt 0:00:02]} h6 {[%emt 0:00:05]} 17. Bf4 {[%emt 0:00:01]} Be6 {[%emt 0:00:03]} 18. Ne4 {[%emt 0:00:18]} Nd5 {[%emt 0:00:07]} 19. Bc1 {[%emt 0:00:09]} Bf5 {[%emt 0:00:17]} 20. Ng3 {[%emt 0:00:06]} Be6 {[%emt 0:00:02]} 21. Ne4 {[%emt 0:00:03]} Rab8 {[%emt 0:00:10]} 22. b3 {[%emt 0:00:02]} a5 {[%emt 0:00:03]} 23. Ba3 {[%emt 0:00:04]} Bf5 {[%emt 0:00:05]} 24. Ng3 {[%emt 0:00:03]} Nc3 {[%emt 0:00:00]} 25. Qf1 {[%emt 0:00:13]} Nxd1 {[%emt 0:00:02]} 26. Rxd1 {[%emt 0:00:01]} a4 {[%emt 0:00:15]} 27. Nxf5 {[%emt 0:00:09]} Qxf5 {[%emt 0:00:02]} 28. exd6 {[%emt 0:00:02]} axb3 {[%emt 0:00:08]} 29. axb3 {[%emt 0:00:02]} exd6 {[%emt 0:00:01]} 30. Bxd6 {[%emt 0:00:08]} Rxb3 {[%emt 0:00:02]} 31. Qc4 {[%emt 0:00:02]} Qd5 {[%emt 0:00:01]} 32. Qc5 {[%emt 0:00:13]} Rb5 {[%emt 0:00:06]} 33. Qa3 {[%emt 0:00:03]} Rb3 {[%emt 0:00:05]} 34. Qc5 {[%emt 0:00:01]} Rb5 {[%emt 0:00:21]} 35. Qa3 {[%emt 0:00:01]} Qb3 {[%emt 0:00:25]} 36. Qxb3 {[%emt 0:00:09]} Rxb3 {[%emt 0:00:01]} 37. Ne5 {[%emt 0:00:00]} Bxe5 {[%emt 0:00:13]} 38. dxe5 {[%emt 0:00:08]} Rc3 {[%emt 0:00:01]} 39. f4 {[%emt 0:00:04]} Rc2 {[%emt 0:00:03]} 40. f5 {[%emt 0:00:10]} gxf5 {[%emt 0:00:03]} 41. Rf1 Ra8 {[%emt 0:00:04]} 42. Rxf5 {[%emt 0:00:02]} Raa2 {[%emt 0:00:03]} 43. g4 {[%emt 0:00:07]} Rg2+ {[%emt 0:00:04]} 44. Kf1 {[%emt 0:00:00]} Rh2 {[%emt 0:00:02]} 45. Kg1 {[%emt 0:00:02]} Rxh3 {[%emt 0:00:05]} 46. Rf6 {[%emt 0:00:05]} Rg3+ {[%emt 0:00:05]} 47. Kf1 {[%emt 0:00:02]} Kg7 {[%emt 0:00:11]} 48. Rf4 {[%emt 0:00:02]} Rh3 {[%emt 0:00:03]} 49. Kg1 {[%emt 0:00:01]} Rg3+ {[%emt 0:00:02]} 50. Kf1 Rb3 51. Re4 {[%emt 0:00:04]} Kg6 {[%emt 0:00:05]} 52. Bb4 {[%emt 0:00:06]} Rb1+ {[%emt 0:00:01]} 53. Be1 {[%emt 0:00:01]} c5 {[%emt 0:00:04]} 54. Rc4 {[%emt 0:00:02]} Raa1 {[%emt 0:00:01]} 55. Re4 {[%emt 0:00:02]} c4 {[%emt 0:00:01]} 56. Rxc4 {[%emt 0:00:02]} Rxe1+ {[%emt 0:00:01]} 57. Kf2 {[%emt 0:00:01]} Rxe5 {[%emt 0:00:01]} 58. Rc6+ {[%emt 0:00:00]} Re6 {[%emt 0:00:00]} 59. Rc5 {[%emt 0:00:01]} Ra2+ {[%emt 0:00:03]} 60. Kf3 {[%emt 0:00:00]} Raa6 {[%emt 0:00:02]} 61. Rd5 {[%emt 0:00:02]} Rad6 {[%emt 0:00:01]} 62. Rc5 {[%emt 0:00:01]} Rf6+ {[%emt 0:00:02]} 63. Kg3 {[%emt 0:00:00]} Rd1 {[%emt 0:00:04]} 64. Rc3 {[%emt 0:00:02]} Rg1+ {[%emt 0:00:01]} 65. Kh3 {[%emt 0:00:01]} Rgf1 {[%emt 0:00:04]} 66. Kg3 {[%emt 0:00:01]} h5 {[%emt 0:00:03]} 67. gxh5+ {[%emt 0:00:03]} Kxh5 {[%emt 0:00:01]} 68. Rc5+ {[%emt 0:00:01]} R1f5 {[%emt 0:00:01]} 69. Rc4 {[%emt 0:00:01]} Rg5+ {[%emt 0:00:01]} 70. Kh2 {[%emt 0:00:00]} Rh6 {[%emt 0:00:02]} 0-1

[Event "11th LCC Super Blitz 2019"]
[Site "London"]
[Date "2019.12.08"]
[Round "11.4"]
[White "Stoyanov, Viktor"]
[Black "Beinoras, Mindaugas"]
[Result "0-1"]
[WhiteElo "2191"]
[BlackElo "2401"]
[Annotator "NA"]
[PlyCount "74"]
[EventDate "2019.12.08"]
[EventType "swiss"]
[EventCountry "ENG"]
[SourceTitle "playchess.com"]
[Source "ChessBase"]
[SourceQuality "1"]
[TimeControl "180+2"]

1. e4 {[%emt 0:00:00]} e5 {[%emt 0:00:00]} 2. Nf3 {[%emt 0:00:00]} Nc6 {[%emt 0:00:00]} 3. Nc3 {[%emt 0:00:00]} Nf6 {[%emt 0:00:03]} 4. d4 {[%emt 0:00:01]} Bb4 {[%emt 0:00:05]} 5. Nxe5 {[%emt 0:00:18]} Nxe5 {[%emt 0:00:13]} 6. dxe5 {[%emt 0:00:02]} Nxe4 {[%emt 0:00:01]} 7. Qd4 {[%emt 0:00:01]} Nxc3 {[%emt 0:00:09]} 8. Qxb4 {[%emt 0:00:09]} Nd5 {[%emt 0:00:01]} 9. Qe4 {[%emt 0:00:04]} c6 {[%emt 0:00:04]} 10. Bd3 {[%emt 0:00:23]} Qb6 {[%emt 0:00:23]} 11. O-O {[%emt 0:00:00]} Qb4 {[%emt 0:00:01]} 12. c4 {[%emt 0:00:00]} Nc7 {[%emt 0:00:05]} 13. a3 {[%emt 0:00:01]} Qe7 {[%emt 0:00:09]} 14. Be3 {[%emt 0:00:05]} b6 {[%emt 0:00:02]} 15. f4 {[%emt 0:00:07]} Bb7 {[%emt 0:00:01]} 16. f5 {[%emt 0:00:05]} f6 {[%emt 0:00:01]} 17. Bf4 {[%emt 0:00:36]} O-O-O {[%emt 0:00:08]} 18. Rae1 {[%emt 0:00:04]} Rhe8 {[%emt 0:00:07]} 19. Qf3 {[%emt 0:00:04]} Qc5+ {[%emt 0:00:12]} 20. Kh1 {[%emt 0:00:14]} Ba6 {[%emt 0:00:12]} 21. b4 {[%emt 0:00:04]} Qd4 {[%emt 0:00:08]} 22. Re4 {[%emt 0:00:28]} Qc3 {[%emt 0:00:02]} 23. Rc1 {[%emt 0:00:09]} Qxa3 {[%emt 0:00:05]} 24. exf6 {[%emt 0:00:04]} gxf6 {[%emt 0:00:06]} 25. Rce1 {[%emt 0:00:03]} Qxb4 {[%emt 0:00:08]} 26. Rxe8 {[%emt 0:00:25]} Rxe8 {[%emt 0:00:02]} 27. Rxe8+ {[%emt 0:00:01]} Nxe8 {[%emt 0:00:01]} 28. Qe3 {[%emt 0:00:05]} Nc7 {[%emt 0:00:07]} 29. h3 {[%emt 0:00:02]} Qf8 {[%emt 0:00:09]} 30. Qg3 {[%emt 0:00:06]} Ne8 {[%emt 0:00:06]} 31. Bf1 {[%emt 0:00:02]} d6 {[%emt 0:00:04]} 32. Qa3 {[%emt 0:00:02]} Kb7 {[%emt 0:00:04]} 33. Be2 {[%emt 0:00:04]} Qe7 {[%emt 0:00:02]} 34. Bf3 {[%emt 0:00:01]} Bxc4 {[%emt 0:00:08]} 35. Qc3 {[%emt 0:00:02]} d5 {[%emt 0:00:07]} 36. Kh2 {[%emt 0:00:03]} a5 {[%emt 0:00:04]} 37. Bg3 {[%emt 0:00:08]} a4 {[%emt 0:00:06]} 0-1

[Event "11th LCC Super Blitz 2019"]
[Site "London"]
[Date "2019.12.08"]
[Round "11.4"]
[White "Bird, Joel"]
[Black "Arkell, Keith C"]
[Result "0-1"]
[WhiteElo "2009"]
[BlackElo "2453"]
[Annotator "ChessBase"]
[PlyCount "54"]
[EventDate "2019.12.08"]
[EventType "swiss"]
[EventCountry "ENG"]
[SourceTitle "playchess.com"]
[Source "ChessBase"]
[SourceQuality "1"]
[TimeControl "180+2"]

1. e4 {[%emt 0:00:00]} c6 {[%emt 0:00:00]} 2. d4 {[%emt 0:00:00]} d5 {[%emt 0:00:00]} 3. Nc3 {[%emt 0:00:01]} dxe4 {[%emt 0:00:00]} 4. Nxe4 {[%emt 0:00:01]} Nd7 {[%emt 0:00:01]} 5. Nf3 {[%emt 0:00:07]} Ngf6 {[%emt 0:00:01]} 6. Nc3 {[%emt 0:00:01]} g6 {[%emt 0:00:02]} 7. Bd3 {[%emt 0:00:07]} Bg7 {[%emt 0:00:01]} 8. O-O {[%emt 0:00:02]} O-O {[%emt 0:00:01]} 9. Qe2 {[%emt 0:00:02]} c5 {[%emt 0:00:05]} 10. Rd1 {[%emt 0:00:11]} cxd4 {[%emt 0:00:01]} 11. Nxd4 {[%emt 0:00:02]} Nc5 {[%emt 0:00:16]} 12. Bc4 {[%emt 0:00:08]} Qe8 {[%emt 0:00:30]} 13. h3 {[%emt 0:00:14]} a6 {[%emt 0:00:04]} 14. a4 {[%emt 0:00:06]} e5 {[%emt 0:00:12]} 15. Nf3 {[%emt 0:00:07]} e4 {[%emt 0:00:03]} 16. Nd4 {[%emt 0:00:21]} Bd7 {[%emt 0:00:03]} 17. a5 {[%emt 0:00:09]} Rc8 {[%emt 0:00:02]} 18. b4 {[%emt 0:00:16]} Ne6 {[%emt 0:00:01]} 19. Bxe6 {[%emt 0:00:12]} Bxe6 {[%emt 0:00:02]} 20. Nxe4 {[%emt 0:00:11]} Bd5 {[%emt 0:00:14]} 21. Nxf6+ {[%emt 0:00:14]} Bxf6 {[%emt 0:00:02]} 22. Qxe8 {[%emt 0:00:07]} Rfxe8 {[%emt 0:00:01]} 23. Be3 {[%emt 0:00:07]} Rc4 {[%emt 0:00:07]} 24. Nf5 {[%emt 0:00:25]} gxf5 {[%emt 0:00:10]} 25. Rxd5 {[%emt 0:00:01]} Bxa1 {[%emt 0:00:02]} 26. Rd7 {[%emt 0:00:20]} f4 {[%emt 0:00:03]} 27. Bd4 {[%emt 0:00:03]} Rxd4 {[%emt 0:00:04]} 0-1